000 00713cab a2200229 4500
001 X3828
008 090401t1996 xxu||||| |||| 00| 0 eng d
035 _a(Sirsi) u33202
041 _aeng
245 _aGovernment changes ALC guidelines
260 _c1996
350 _a0
490 _aCSM (Chartered Surveyor Monthly)
_v6(2) October 1996, 61(1)
520 _aChanges to the agricultural land classification system for grading the quality of land.
650 _aAGRICULTURAL LAND CLASSIFICATION SYSTEM
650 _aPROPERTY-RURAL AND NATURAL ASSETS-AGRICULTURAL PROPERTY-AGRICULTURAL LAND
650 _aFARMLAND
690 _aLAND
690 _aRURAL PRACTICE
942 _n0
948 _c04/03/1997
999 _c22195
_d22195